00491 2200193 4500001002100000005001500021035002000036008004100056245006600097100002100163250000600184260003600190300001100226084001400237082000800251650001400259990001200273990001200285INLIS00000000000039720240430015941 a0010-0424000373240430 0 ind 1 aSelayang Pandang Kepulauan Bangka Belitung /cNunung Yuli Eti aYuli Eti, Nunung a1 aKlaten :bIntan Pariwara,c2009 a60 hlm a900 NUN s a900 4aNon Fiksi a0728633 a0728634